00634nam a2200181 i 450000100060000000300090000600500170001500700030003200800410003508000110007610000410008724501540012825000120028226000550029430000180034965000330036785200520040072496ES-MaACL20250728063123.0t|040901s1915 ag ||||1| spa d a56:5991 aGez, Juan Wenceslao,d1865-1932eaut13aEl mastodón platensis de Corrientes (Mastodon Piryauiense) :bconferencia dada en el Teatro Juan de Vera el 10 de diciembre de 1914 / cJuan W. Gez a2ª ed. aCorrientes (Argentina): bImp. del Estado, c1915  bilustraciones 7aMamíferos fósiles2embne aES-MaACLcDEPOFhDonativo argentinoj1592-F-16